Amazing World of Gumball Characters - Statistics

General Stats
  • This quiz has been taken 257 times
  • The average score is 30 of 62
Answer Stats
Hint Answer % Correct
Goldfish with legs Darwin
99%
Main character Gumball
99%
Mom of the main character Nicole
95%
Lazy dad Richard
95%
Used to be a peanut with antlers Penny
93%
Sister of the above Anais
92%
Multicolored kid with money Tobias
86%
Ghost Carrie
84%
Works every job Larry
84%
Arch Nemesis of main character Rob
83%
Kind balloon Alan
82%
Class clown Banana Joe
79%
Overprotective grandma Granny jojo
78%
Husband of the above Banana Bob
76%
Robot Bobert
75%
Flower boy Leslie
73%
Obsessive fan of main character Sarah
70%
Principal... Brown
69%
Hippie cloud teacher Mr Small
66%
Neighbor who hates the main character Mr Robinson
64%
Girlfriend of the above Carmen
61%
Monkey teacher Miss Simian
61%
Rich cloud girl Masami
59%
Neighbor who is pure evil Mrs Robinson
58%
Giant who destroys that city Hector
57%
Husband of the above Louie
57%
School Janitor Rocky
57%
Flying eyeball William
56%
Weird chin Sussie
55%
Piece of toast Anton
50%
Conman/ Grandpa Frankie
47%
Germaphobe Teri
45%
Sister of the above Rachel
44%
Half cow, half troglodyte Jamie
42%
Can paint the future Banana Barbara
41%
Son of the above Billy
40%
Super intense Ocho
38%
Mailman/neighbor Gary
35%
Awkward around Gumball Hot Dog Guy
31%
Bullies main character Tina Rex
30%
Bomb for a head Julius
27%
Often seen senior citizen Marvin
27%
Clone of the above Ant-Two
25%
Egghead nerd Felix
24%
Evil clone Ant-One
22%
Bullies the main characters dad Harold
22%
In the grade above Gumball Clare
21%
Egghead nerd Colin
21%
Police chief Donut Cop
21%
High maintenance orange lady Felicity
18%
Frog geography teacher Mr Corneille
18%
School Nurse Joan
17%
PE teacher Coach Russo
16%
Wife of the above Jackie
15%
Pink teddy bear Mowdown
14%
Challenges Gumball to a tennis match Troy
14%
In the grade above Gumball Wilson
14%
Other senior citizen Betty
11%
Challenges Gumball to a tennis match Carlton
11%
Police commissioner Chicken bucket
11%
Boyfriend of the above Jared
11%
Other senior citizen Donald
10%
No matching quizzes found
Score Distribution
Percent of People with Each Score
Percentile by Number Answered
Your Score History
You have not taken this quiz